Stations de Métro de Paris - Ligne 5 - Statistiques

Statistiques générales
  • Ce quiz a été pris 290 fois
  • Le résultat moyen est 17 sur 22
Statistiques - réponses
Stations ligne 5 % Correct
Gare du Nord
93%
Place d'Italie
92%
Gare de l'Est
90%
République
89%
Gare d'Austerlitz
86%
Bastille
85%
Stalingrad
83%
Bobigny - Pablo Picasso
80%
Jaurès
80%
Porte de Pantin
78%
Ourcq
77%
Quai de la Rapée
77%
Campo-Formio
74%
Laumière
74%
Oberkampf
74%
Jacques Bonsergent
71%
Eglise de Pantin
69%
Richard Lenoir
69%
Hoche
63%
Saint-Marcel
62%
Bréguet - Sabin
61%
Bobigny - Pantin - Raymond Queneau
56%
Aucun quiz correspondant
Distribution des résultats
% des personnes avec chaque résultat
Percentile par nombre de réponses
Votre historique - résultats
Vous n’avez pas pris ce quiz